00981nam a2200205 i 4500001000700000003000900007005001700016007000300033008004100036100005300077245029200130260005200422300001900474490003900493651004000532830004400572852002000616999001900636952012000655107543ES-MaACL20250815020950.0t|151015s1923 sp r ||||1| spa d1 aCamino y Orellá, Joaquín Antonio del.93408310aHistoria civil, diplomática, eclesíastica, antigua y moderna de la ciudad de San Sebastián b: con varias noticias particulares concernientes a la provincia de Guipúzcoa. nI, pContiene la historia de aquella ciudad en el ramo civil / cpor Joaquín Antonio de Camino y Orella. aMadrid : b[s.n.], c1923 (fImp. Vicente Rico) a332 p. ; c20.1 aBiblioteca de Historia Vasca ; v7 4aSan Sebastián-xHistoria.914440000aBiblioteca de historia vascav79183472 aES-MaACLjF-526 c107543d107543 00104070aATENEOMbATENEOMcDEPO2d2015-10-15eSCl0oF-526p1194257r2023-02-23 00:00:00w2023-02-23yMONOGRAFIA